Random Countries 2 - Map Quiz - Statistics

General Stats
  • This quiz has been taken 26 times
  • The average score is 17 of 20
Answers on the Map
Answers color-coded by a green-red scale on the quiz's map according to % correct below.
 
Answer Stats
Answer % Correct
Mexico
100%
Japan
94%
Algeria
89%
Argentina
89%
Bhutan
89%
Cyprus
89%
Greece
89%
Kazakhstan
89%
Norway
89%
Oman
89%
Spain
89%
Montenegro
83%
New Zealand
83%
Papua New Guinea
83%
Sudan
83%
Burkina Faso
78%
Nicaragua
78%
São Tomé and Príncipe
78%
Bosnia and Herzegovina
67%
Tonga
67%
No matching quizzes found
Score Distribution
Percent of People with Each Score
Percentile by Number Answered
Your Score History
You have not taken this quiz